000 00598nam a2200205Ia 4500
005 20250923150340.0
008 008 250917s9999 xx 000 0 eng d
037 _aTextual
040 _aDSWL
_beng
_cDSWL
041 _aeng
_2eng
084 _aY1.491(U).p'Q4, Q5
_qDSWL
100 _aDatta-,Anindit
_9844982
245 0 _aRe Omenting Gender Geographics af Resistance violence
_cby Datta- Anindit
260 _aNew Delhi
_b Rik. Books
_c2015
300 _a282p.
365 _aINR
_b600
925 _g600
942 _cTEXL
_hY1.491(U).p'Q4, Q5
999 _c1462477
_d1462477